Capital Cities with the least daylight on the Winter Solstice - Statistics

General Stats
  • This quiz has been taken 85 times
  • The average score is 18 of 20
Answer Stats
Duration of Daylight Capital City % Correct
05:54 Oslo
95%
07:50 London
94%
07:00 Moscow
94%
04:07 Reykjavik
94%
06:05 Stockholm
94%
07:39 Berlin
92%
05:49 Helsinki
92%
08:15 Paris
91%
07:41 Amsterdam
90%
07:56 Brussels
90%
07:30 Dublin
90%
07:42 Warsaw
87%
07:01 Copenhagen
84%
06:44 Riga
84%
07:24 Minsk
83%
08:00 Kyiv
82%
08:08 Luxembourg
81%
06:03 Tallinn
81%
08:04 Prague
79%
07:14 Vilnius
78%
No matching quizzes found
Score Distribution
Percent of People with Each Score
Percentile by Number Answered
Your Score History
You have not taken this quiz